000 00387cam a2200157ua 4500
003 OSt
008 250423b |||||||| |||| 00| 0 eng d
041 _aeng
082 _a624.1517
_bDAV/EL
100 _aDavis, Raymond E .
_96872
245 _aElementary plane surveying /
250 _a3 /
260 _aNew York :
_bMcGraw Hill Book Company ,
_c1955.
300 _a ; .
942 _cBK
999 _c5528
_d5528